BSOP header

2 Samuel / (Record no. 41593)

MARC details
000 -LEADER
fixed length control field 02014cam a2200265 i 4500
001 - CONTROL NUMBER
control field 899073215
003 - CONTROL NUMBER IDENTIFIER
control field OSt
005 - DATE AND TIME OF LATEST TRANSACTION
control field 20241008073131.0
008 - FIXED-LENGTH DATA ELEMENTS--GENERAL INFORMATION
fixed length control field 141118s2015 miu b 001 0 eng
010 ## - LIBRARY OF CONGRESS CONTROL NUMBER
LC control number 2014041611
020 ## - INTERNATIONAL STANDARD BOOK NUMBER
International Standard Book Number 9781587432910
020 ## - INTERNATIONAL STANDARD BOOK NUMBER
International Standard Book Number 1587432919
040 ## - CATALOGING SOURCE
Original cataloging agency DLC
Language of cataloging eng
Description conventions rda
Transcribing agency DLC
Modifying agency YDX
-- YDXCP
-- CDX
-- HNW
-- BTCTA
-- BDX
-- ZCU
-- SGB
-- ATH
100 1# - MAIN ENTRY--PERSONAL NAME
Personal name Barron, Robert,
Dates associated with a name 1959-
245 10 - TITLE STATEMENT
Title 2 Samuel /
Statement of responsibility, etc Robert Barron.
246 3# - VARYING FORM OF TITLE
Title proper/short title Second Samuel
260 ## - PUBLICATION, DISTRIBUTION, ETC. (IMPRINT)
Place of publication, distribution, etc Grand Rapids, MI :
Name of publisher, distributor, etc Brazos Press ; Baker,
Date of publication, distribution, etc 2015.
300 ## - PHYSICAL DESCRIPTION
Extent xxii, 218 pages ;
Dimensions 24 cm.
440 ## - SERIES STATEMENT/ADDED ENTRY--TITLE
Title Brazos theological commentary on the Bible
504 ## - BIBLIOGRAPHY, ETC. NOTE
Bibliography, etc Includes bibliographical references and indexes.
505 0# - FORMATTED CONTENTS NOTE
Formatted contents note Series preface -- Introduction -- Series one : David comes to power. 2 Samuel 1 -- 2 Samuel 2 -- Series two : Priest and king. 2 Samuel 3 -- 2 Samuel 4 -- 2 Samuel 5 -- 2 Samuel 6 -- 2 Samuel 7 -- 2 Samuel 8 -- 2 Samuel 9 -- 2 Samuel 10 -- Series three : David and Bathsheba. 2 Samuel 11 -- Series four : A sword will never leave your house. 2 Samuel 12 -- 2 Samuel 13 -- 2 Samuel 14 -- 2 Samuel 15 -- 2 Samuel 16 -- 2 Samuel 17 -- 2 Samuel 18 -- 2 Samuel 19 -- 2 Samuel 20 -- Series five : Toward the Temple. 2 Samuel 21 -- 2 Samuel 22 -- 2 Samuel 23 -- 2 Samuel 24.
520 ## - SUMMARY, ETC.
Summary, etc The Brazos Theological Commentary on the Bible encourages readers to explore how the vital roots of the ancient Christian tradition should inform and shape faithfulness today. In this addition to the series, acclaimed author, speaker, and theologian Robert Barron offers a theological exegesis of 2 Samuel. He highlights three major themes: God's non-competitive transcendence, the play between divine and non-divine causality, and the role of Old Testament kingship. As with other volumes in the series, this book is ideal for those called to ministry, serving as a rich resource for preachers, teachers, students, and study groups. - Publisher.
630 00 - SUBJECT ADDED ENTRY--UNIFORM TITLE
Uniform title Bible.
Name of part/section of a work Samuel, 2nd
Form subdivision Commentaries.
942 ## - ADDED ENTRY ELEMENTS (KOHA)
Source of classification or shelving scheme Library of Congress Classification
Item type Books
Holdings
Withdrawn status Lost status Source of classification or shelving scheme Damaged status Not for loan Home library Current library Shelving location Date acquired Source of acquisition Inventory number Total Checkouts Full call number Barcode Date last seen Price effective from Koha item type
    Library of Congress Classification     BSOP Library BSOP Library Reference 04/25/2018 Theological Book Network 40256   BS1325.3 B27 2015 00051304 04/25/2018 04/25/2018 Books
BSOP

Biblical Seminary of the Philippines
  All rights Reserved
  © 2024

CONTACT INFORMATION

Biblical Seminary of the Philippines,
  77-B Karuhatan Road, Valenzuela City,
  PHILIPPINES 1441
  Phone: +632 8292-6795 / 8292-6798
  Fax : +632 8292-6675
  Email: library@bsop.edu.ph